000 00480nam a22001217a 4500
999 _c18725
_d18725
008 210121b xxu||||| |||| 00| 0 eng d
050 _aGMB0087
_b.K53 2019 c.1
100 _aKibor, Nelly Jeptepkeny
245 _aEffect of financial management practices on financial performance of county governments in Kenya
_ba case study of Nakuru county, Kenya
_cNelly Jeptepkeny Kibor
260 _aKabarak, Nakuru, Kenya
_bKabarak University
_c2019
300 _a66 leaves
942 _2lcc
_cTHE